000 01673cam a2200277 4500
001 L137291
008 070328s2007 xxk f 000 0 eng d
035 _a(Sirsi) u137291
041 0 _aeng
245 0 0 _aRoberts v Swansgrove Estates Ltd
_h[electronic resource]
260 _c2007
520 _a[2007] EWHC 513 (Ch). After Mr Roberts' acquisition of the Lordship Marcher of Magor, Mr Roberts set about registering a Caution against first registration at HM Land Registry but soon found himself, in relation to registration, in conflict with the first defendant, Swangrove Estates Limited as to a slim area which is said to be within the Manor or sub-manor of Porton (and hence is claimed by Mr Roberts, as part of a sub-manor, to fall within his Lordship Marcher of Magor. In their respective defences, each of the Defendants sets out his or its respective alleged paper title to the area claimed from that Defendant by the Claimant and also pleaded relying on adverse possession and limitation. "Held" due to the claims of adverse possession and limitation, Swangrove's claims fail.
590 _aKA
650 2 4 _aROBERTS V SWANSGROVE ESTATES
650 2 4 _aLIMITATION ACT 1980
650 2 4 _aLIMITATION ACT 1939
650 2 4 _aPOWELL V MCFARLANE
650 2 4 _aBUCKINGHAMSHIRE COUNTY COUNCIL V MORAN
650 2 4 _aLORD ADVOCATE V LORD LOVAT
650 2 4 _aLORD ADVOCATE V LORD BLANTYRE
650 2 4 _aPYE V GRAHAM
651 4 _aEngland and Wales
_y1543-
690 _aPROPERTY-PROPERTY MANAGEMENT-BOUNDARY DETERMINATION
856 4 8 _uhttps://www.bailii.org/ew/cases/EWHC/Ch/2007/513.html
_zView the item free of charge at www.bailii.org...
942 _n0
999 _c106715
_d106715